000
00331nam a2200145Ia 4500
008
230718s9999 xx 000 0 und d
041
_a
Eng.
082
_a
843.7
_b
PAW-B
100
_a
Pawanki zulqoor
245
0
_a
Baad a Bahar
260
_a
Pakistan
_b
Jamhori Publications
_c
2016
300
_a
280
650
_a
Law
999
_c
31542
_d
31542